La discographie de Rohff - Statistiques

Statistiques générales
  • Ce quiz a été pris 35 fois
    34 depuis la dernière actualisation
  • Le résultat moyen est 77 sur 432
Statistiques - réponses
Année Album Réponse % Correct
2008 Le code de l'horreur Testament
79%
2001 Rimes et gloire vol.11 94
71%
2004 La fierté des nôtres 94
71%
2003 La cerise sur le ghetto Pour ceux
71%
2001 La vie avant la mort R.O.H.F.F
71%
2004 Street Lourd Hall Stars En mode
67%
2005 Au-delà de mes limites En mode
67%
2001 La vie avant la mort V
67%
1999 Le code de l'honneur Intro
58%
2005 Au-delà de mes limites Intro
58%
2008 Le code de l'horreur Paris
58%
2008 Le code de l'horreur Rap Game
58%
2005 Au-delà de mes limites Regretté
58%
2012 Wesh zoulette Wesh zoulette
58%
2003 La cerise sur le ghetto Balance
54%
2017 Broly Broly
54%
2004 La fierté des nôtres Charisme
54%
2017 Détrôné Détrôné
54%
2013 P.D.R.G. Dounia
54%
2020 Compte de faits Générations
54%
2020 Goat Goat
54%
2005 Au-delà de mes limites La puissance
54%
2004 La fierté des nôtres Le son qui tue
54%
2008 Le code de l'horreur Repris de justesse
54%
2017 Saturne Saturne
54%
2017 Soldat Soldat
54%
2014 Soleil Soleil
54%
2020 Solo Solo
54%
2003 Fat taf À bout portant
50%
1998 Appelle-moi Rohff Appelle-moi Rohff
50%
1999 Le code de l'honneur Appelle-moi Rohff
50%
2004 La fierté des nôtres Code 187
50%
2016 Dans le Game Dans le Game
50%
2015 Du sale Du sale
50%
2004 Street Lourd Hall Stars En mode 2
50%
2005 Au-delà de mes limites En mode 2
50%
2024 Fitna Fitna
50%
1999 Le code de l'honneur Génération sacrifiée
50%
2008 Le code de l'horreur Hysteric love
50%
2004 La fierté des nôtres Intro - La fierté des nôtres
50%
2020 Isolé Isolé
50%
2013 P.D.R.G. J'accelère
50%
2008 Le code de l'horreur J'arrive
50%
2004 La fierté des nôtres La vie continue
50%
2001 La vie avant la mort Qui est l'exemple ?
50%
2015 Sans forcer Sans forcer
50%
2025 Sauver le rap Sauver le rap
50%
2001 La vie avant la mort T.D.S.I
50%
2024 Tout éteindre Tout éteindre
50%
2013 P.D.R.G. Zlatana
50%
2004 La fierté des nôtres Zone internationale
50%
2018 Dans le vrai Dans le vrai
46%
2025 Hima Hima
46%
2017 Hors de contrôle Hors de contrôle
46%
2018 Hors de prix Hors de prix
46%
2008 Le code de l'horreur K-Sos for life
46%
2004 La fierté des nôtres Pleure pas
46%
2015 Suge Knight Suge Knight
46%
2020 T'as capté T'as capté
46%
2020 Tous à l'abri Tous à l'abri
46%
2004 La fierté des nôtres Bollywood style
42%
2004 La fierté des nôtres Le milieu
42%
2008 Le code de l'horreur Version Gold Mal à la vie
42%
2013 P.D.R.G. P.D.R.G.
42%
2001 La vie avant la mort Sensation brave
42%
2015 Le Rohff Game Star
42%
2005 Au-delà de mes limites Toujours
42%
2005 Au-delà de mes limites Bonne journée
38%
2004 La fierté des nôtres Fiston
38%
2008 Le code de l'horreur La grande classe
38%
2003 Le son c'est la guerre Le son c'est la guerre
38%
2022 Life Style Life Style
38%
2015 Le Rohff Game Rohff game
38%
2004 La fierté des nôtres Sincère
38%
2010 La cuenta Thug mariage
38%
2004 La fierté des nôtres Toujours ton enfant
38%
2005 Au-delà de mes limites Arrête ta flûte
33%
1999 Le code de l'honneur Catastrohff
33%
2001 La vie avant la mort Darwah
33%
2021 #Douxbail #Douxbail
33%
1999 Le code de l'honneur Du fond du cœur
33%
2013 P.D.R.G. En mode 3
33%
2010 La cuenta La cuenta
33%
2022 Masterclass Masterclass
33%
2013 P.D.R.G. Maudit
33%
2004 La fierté des nôtres Message à la racaille
33%
2001 La vie avant la mort Miroir, miroir
33%
2004 La fierté des nôtres Pétrole
33%
2008 Le code de l'horreur Pyromane
33%
2008 Le code de l'horreur Que pour les vrais
33%
2008 Le code de l'horreur Sans amour
33%
2008 Le code de l'horreur Sévère
33%
2004 La fierté des nôtres Souvenirs
33%
2004 La fierté des nôtres Ça fait plaisir
29%
2001 La vie avant la mort Interlude chinoise
29%
2013 P.D.R.G. K-Sos musik
29%
2021 La patrie La patrie
29%
2005 L'avenir est à nous L'avenir est à nous
29%
2004 La fierté des nôtres Le son de la hagra
29%
2008 Le code de l'horreur Le virus
29%
2008 Le code de l'horreur L'expression du malaise
29%
2004 La fierté des nôtres Mal-aimé
29%
1999 Première classe vol.1 On fait les choses
29%
2004 La fierté des nôtres Outro - J'rappe mieux que toi
29%
2010 La Fouine vs Laouni Passe-leur le salam
29%
1999 Le code de l'honneur Rohff vs.l’État
29%
2008 Le code de l'horreur Si seul
29%
2018 Surnaturel Testament II
29%
2012 Des jours meilleurs 4 étoiles
25%
2004 Street Lourd Hall Stars À quoi bon sert
25%
1999 Hier, aujourd'hui, demain Comoria
25%
2013 P.D.R.G. Determiné
25%
2007 Au-delà de mes limites Classics Dirty Hous'
25%
2004 La fierté des nôtres Fils à pap
25%
2002 À l'ancienne II Get down samedi soir
25%
2021 Grand monsieur GM10
25%
1998 Le combat continue L'amour
25%
2004 Raï'n'B Fever Mon bled
25%
2004 La fierté des nôtres Nouveau rap
25%
2005 Au-delà de mes limites Starfuckeuze
25%
2021 Grand monsieur Valeur inversée
25%
2024 Fitna Walking dead
25%
2001 La vie avant la mort 5.9.1
21%
2000 Les points sur les i A l'ancienne
21%
2015 Le Rohff Game Bijou
21%
2004 La fierté des nôtres Bling Bling
21%
2003 La cerise sur le ghetto C.B.R.
21%
2008 Le code de l'horreur Version Gold Comoriano
21%
2016 Culture UrbHaine Culture UrbHaine
21%
2010 La cuenta Dans ma werss
21%
2010 La cuenta Edition platinum collector Dans tes yeux
21%
2018 Surnaturel Dr Dre
21%
2007 Le Cauchemar du rap français : chapitre 1 Frais
21%
2024 Fitna Guerrier
21%
2018 Surnaturel J'arrache tout
21%
1999 Le code de l'honneur Le bal des voyous
21%
2004 La fierté des nôtres Le cœur d'un homme
21%
2021 Grand monsieur Legend
21%
2005 Au-delà de mes limites Le temps passe
21%
2003 La cerise sur le ghetto Official
21%
2021 Grand monsieur Official
21%
2010 La cuenta Rien a prouver
21%
2008 Le code de l'horreur Rien de spécial
21%
2005 Au-delà de mes limites Seul contre tous
21%
1999 Le code de l'honneur Skyrohff
21%
2018 Surnaturel #SNTL
21%
2004 La fierté des nôtres T'es pas comme moi
21%
2004 La fierté des nôtres Trop d'énergie
21%
2018 Surnaturel 9+4=13
17%
2010 La cuenta Edition platinum collector Animal
17%
2018 Surnaturel Cadeaux de l'éternel
17%
2001 (annulé) C'est nous la rue
17%
2015 Le Rohff Game Comme en 46
17%
2001 La vie avant la mort Creuset 2 voyous
17%
2013 P.D.R.G. Différent
17%
2013 P.D.R.G. Doggy Style
17%
2010 La cuenta Fais-moi la passe
17%
2021 Grand monsieur Flemme
17%
2003 La cerise sur le ghetto F.U.C.K. ton pote
17%
2005 Au-delà de mes limites Fumer un mec
17%
1999 Le code de l'honneur Galaxy
17%
2003 La cerise sur le ghetto La cerise sur le ghetto
17%
2005 Au-delà de mes limites La violence
17%
2005 Au-delà de mes limites Le cauchemar du rap français
17%
2001 La vie avant la mort Le même quartier
17%
2004 La fierté des nôtres Le mot d'ordre
17%
2003 La cerise sur le ghetto Lourd
17%
1999 Le code de l'honneur Manimal
17%
2020 De la mafia K'1 Fry à Demon One Manimal
17%
2013 P.D.R.G. N double A
17%
2010 La cuenta On peut pas tout avoir
17%
2001 La vie avant la mort Parfois... des fois...
17%
2018 Surnaturel Persona non grata
17%
2008 Le code de l'horreur Progress
17%
2001 La vie avant la mort Rap info
17%
2024 Fitna Stabilisé
17%
2013 P.D.R.G. #TeamRohff
17%
2015 Le Rohff Game Vitry-sur-haine
17%
2018 Surnaturel À la zonmai
13%
2021 Grand monsieur Antibiotique
13%
2004 La fierté des nôtres Apparences trompeuses
13%
2005 Au-delà de mes limites Avec ou sans
13%
2003 Talents fâchés vol.1 Baiser
13%
2015 Le Rohff Game Bitch n'a pas de coeur
13%
2008 Le code de l'horreur Version Gold Classique
13%
2001 Si c'était à refaire C'qui nous perd
13%
2005 Au-delà de mes limites Dis mon nom
13%
2004 La fierté des nôtres Dur d'être peace
13%
2018 Surnaturel Egal à moi-même
13%
2003 La cerise sur le ghetto Elle
13%
2013 P.D.R.G. El padre
13%
2013 P.D.R.G. Embrouille
13%
2003 La cerise sur le ghetto En bas des tours
13%
2005 Au-delà de mes limites Enculé de ton clash
13%
2018 Surnaturel Fille bien
13%
2024 Fitna Fraude
13%
2001 La vie avant la mort Jeu 2 la mort
13%
2005 Au-delà de mes limites J't'ai pas attendu
13%
1999 K'1 freestyle K'1 freestyle
13%
2015 Le Rohff Game La crème de la crème
13%
2015 Le Rohff Game La famille
13%
2004 Savoir & vivre ensemble La force
13%
2018 Surnaturel La force
13%
2004 Street Lourd Hall Stars La hass
13%
2015 Le Rohff Game L'argent parle
13%
2013 Blacklist II La rue parle
13%
2024 Fitna Leader
13%
2001 La vie avant la mort Le bitume chante
13%
2000 Le labyrinthe Le labyrinthe
13%
2004 Savoir & vivre ensemble L'enfant
13%
2005 Au-delà de mes limites Le pouvoir
13%
2015 Le Rohff Game Les anciens
13%
2021 Le Classico organisé Les galactiques
13%
2003 La cerise sur le ghetto L'état
13%
2003 La cerise sur le ghetto Liberta
13%
2001 La vie avant la mort L'introhff
13%
2001 Première classe vol.2 L'oeil du tigre
13%
2013 P.D.R.G. L'oseille
13%
2008 Le code de l'horreur Version Gold Magnifique
13%
2021 Grand monsieur Mandat de dépôt
13%
2024 Fitna Mère seule
13%
2013 P.D.R.G. Mon son
13%
2021 Grand monsieur Mortier
13%
2000 Mode de vie… Béton style Nous contre eux
13%
1998 Légendaire Nouvel impact
13%
2024 Fitna Ogee
13%
2004 10 ans d'avance (de 1994 à 2004) O.P
13%
2004 La fierté des nôtres Pervertie
13%
2010 La cuenta Revers de la médaille
13%
2018 Surnaturel #Rohffback
13%
2010 La cuenta Edition platinum collector Rohffvolution
13%
1999 Le code de l'honneur Rohff vs.l’État 2 (Opération vendetta)
13%
2001 La vie avant la mort SSEM
13%
2015 Le Rohff Game Street bourgeoisie
13%
2005 Au-delà de mes limites Tout se paye
13%
1998 Manu Key Triomphe
13%
2001 Manuscrit Triomphe 2000
13%
2018 Surnaturel Trop de fierté
13%
2013 P.D.R.G. Zga
13%
2007 Le Cauchemar du rap français : chapitre 1 94 mentale
8%
2005 Au-delà de mes limites Accepte-moi comme je suis
8%
2018 Surnaturel Aime-moi à l'imparfait
8%
2015 Le Rohff Game Ak 47 Monologue
8%
1999 Le code de l'honneur Apprends à vivre
8%
2018 Surnaturel Au max
8%
2024 Fitna Cardio
8%
2010 La cuenta Célibatard
8%
2021 Grand monsieur ComoReine
8%
2001 Hexagone 2001 Deuxième génération
8%
2010 La cuenta Fais doucement
8%
2007 Jusqu'à la mort (réédition) Gère
8%
2018 Surnaturel Happy
8%
2015 Le Rohff Game Ils nous connaissent pas
8%
2013 P.D.R.G. Instable
8%
2013 P.D.R.G. J'assume
8%
2013 P.D.R.G. King
8%
2016 La pièce (BO) La monnaie de la pièce
8%
2013 P.D.R.G. L'artiste
8%
1999 Le code de l'honneur Les nerfs à vif
8%
2021 Grand monsieur L'expérience
8%
2018 Surnaturel Loup solitaire
8%
2018 Surnaturel Ma vie
8%
2010 La cuenta Next level
8%
2024 Fitna Notori’Hous
8%
2005 On est de taille On est de taille
8%
2015 Le Rohff Game O top
8%
1996 Guet-Apens Pour 100 balles t'as plus rien
8%
2021 Grand monsieur Sécurisé
8%
1998 Les liens sacrés : Le sol, Le sang - La rue Squatt
8%
2003 La cerise sur le ghetto Story Mafia
8%
2018 Surnaturel Street crédibilité
8%
2018 Surnaturel TeamRohff & Honneur
8%
2013 P.D.R.G. Ti amo t'es à moi
8%
2021 Grand monsieur Tout passe
8%
2010 La cuenta Trafiquant 2 classic
8%
2005 Au-delà de mes limites Trop dangereux
8%
2021 Grand monsieur Trop d'histoires
8%
2015 Le Rohff Game Trop gang
8%
2010 La cuenta Tu pardonneras
8%
2007 Le Cauchemar du rap français : chapitre 1 Vitryfénomène
8%
1997 Opération coup de poing 667 (freestyle)
4%
2010 La cuenta Edition platinum collector Anticonformiste
4%
2003 Dans l'urgence Assoce de…
4%
2007 Rêves de rue Baise tout
4%
2005 Au-delà de mes limites Bol d'air
4%
2005 Au-delà de mes limites Bonhomme
4%
2007 Le Cauchemar du rap français : chapitre 1 Boycott
4%
2006 Talents fâchés vol.3 C'est comme ça
4%
2007 Le Cauchemar du rap français : chapitre 1 C'est comme ça 2
4%
2010 La cuenta C'est comment ?
4%
2012 OVNI C'est la mif
4%
2021 Grand monsieur Chacun son heure
4%
2021 Grand monsieur Classic man
4%
2018 Surnaturel Combien tu coûtes ?
4%
2010 La cuenta Edition platinum collector Dans ma werss (Version longue)
4%
1997 L'invincible armada Descente massive
4%
2000 La légende 2 Despee
4%
2018 Surnaturel Du love
4%
2021 Grand monsieur Enemy
4%
2007 Le Cauchemar du rap français : chapitre 1 Excuse-moi
4%
2001 Guet-Apens 2 Fight club
4%
2007 Le Cauchemar du rap français : chapitre 1 Frais style radio 1
4%
2007 Le Cauchemar du rap français : chapitre 1 Frais style radio 2
4%
2007 Le Cauchemar du rap français : chapitre 1 Frais style radio 3
4%
2007 Le Cauchemar du rap français : chapitre 1 Frais style radio 4
4%
2007 Le Cauchemar du rap français : chapitre 1 Frais style radio 5
4%
2007 Le Cauchemar du rap français : chapitre 1 Frais style radio 6
4%
2018 Surnaturel Français 2.0
4%
1999 Sang d'ancre Freestyle
4%
2001 Rimes et gloire vol.1 Freestyle
4%
2018 Surnaturel Frérot 2.0
4%
2013 P.D.R.G. Futurs nouveaux amis
4%
2021 Grand monsieur Génération ROH2F
4%
2021 Grand monsieur Hall of fame
4%
2013 P.D.R.G. Interlude "En mode 1 - En mode 2"
4%
2013 P.D.R.G. Interlude "La voix du ter-ter"
4%
2013 P.D.R.G. Interlude "tu vois de qui j'parle"
4%
2018 Surnaturel J'ai passé l'âge
4%
2005 Au-delà de mes limites J'espère que
4%
2022 VAL DE RAP Je suis l'94
4%
1999 Le code de l'honneur J'm'en bats les couilles d'être une star
4%
2017 Talents fachés V J'te donne même pas l'heure
4%
1998 Légendaire K'1 Fry invasion
4%
1998 Légendaire K'1 Fry invasion (Remix)
4%
2007 Le Cauchemar du rap français : chapitre 1 La crise
4%
2009 Talents fâchés Vol.4 La hagra du rap francais
4%
2015 Le Rohff Game L'appat du gain
4%
2021 Grand monsieur Le bilan
4%
2001 Double Face 3 Le chant du vice
4%
2005 Au-delà de mes limites Le club des métaphores
4%
2015 Le Rohff Game Le coup du siècle
4%
2024 Fitna Légitime
4%
2010 La cuenta Les choses simples
4%
1998 Ni barreaux ni barrières ni frontières Les évadés
4%
1998 Les liens sacrés : Le sol - Le sang - La rue Les évadés (Remix)
4%
2010 La cuenta Loup 2 la classe
4%
2024 Fitna Loyauté
4%
2010 La cuenta Edition platinum collector Machine de guerre
4%
2012 Contagieuse Maintenant ou jamais
4%
2018 Surnaturel Malsain
4%
2024 Fitna Mes flammes
4%
2018 Surnaturel Meurtrier
4%
2009 Mon 6TM Mon 6TM
4%
2015 Le Rohff Game My nigga my rebeu
4%
2002 Dans mon monde Nous contre eux 2
4%
2010 La cuenta On fait le taf
4%
2010 La cuenta On va le faire
4%
2005 Rap performance Paranoiac
4%
2007 Rêves de rue Pimp My Life
4%
2006 Ghetto drame vol.1 Principes
4%
2010 La cuenta Qui veut ma peau ?
4%
2021 Grand monsieur Raisonner
4%
2001 Mission suicide Rap de barbares
4%
2013 P.D.R.G. Rap jeux
4%
2005 Au-delà de mes limites Relation de merde
4%
2024 Fitna Respect
4%
2001 Cut Killer Show 2 Rohff Thriller
4%
2003 Talents fâchés vol.1 Sang pour sang
4%
2018 Surnaturel Serieux
4%
1996 Original MC's sur une mission Show Bizness
4%
2021 HLM 2 Solide
4%
2024 Fitna Sorti de la zone
4%
2012 OVNI Street célébration
4%
1998 Opération freestyle Traîner la nuit
4%
2001 Vitry club Vitry club
4%
2015 Le Rohff Game Vrai reconnait vrai
4%
2010 1 life 4 vérités
0%
2003 Mastamorphose 94400
0%
2001 AKH Version H AKH Version H
0%
2005 Numéro d'écrou À l'ancienne Remix
0%
2024 Fitna À ma juste valeur
0%
2004 10 ans d'avance (de 1994 à 2004) Amour bestial
0%
2021 Grand monsieur Apaise ton coeur
0%
2010 1 life Attends
0%
2021 Grand monsieur Ça bouge pas
0%
2004 10 ans d'avance (de 1994 à 2004) Ce que je suis devenu
0%
2019 On est fait pour ca C'est la guerre
0%
2022 A la bien (Summer Edition) Dansa
0%
2009 Mon 6TM Dans la minute
0%
1997 L'invincible armada Dans ta race
0%
1998 Espion Despee '98
0%
1999 L'antidote Ennemis
0%
2007 Le Cauchemar du rap français : chapitre 1 Fais ce que j'te dis
0%
2021 Grand monsieur Fake love
0%
2018 Surnaturel Fin du monde
0%
2003 Pur Son Ghetto vol. 2 Freestyle PSG 2
0%
2005 Au-delà de mes limites Génération MacGyver : la débrouille
0%
2001 Sur un air positif Imagine
0%
2002 Mandat de dépôt Impact des mots
0%
2004 10 ans d'avance (de 1994 à 2004) Je pousse mon dernier cri
0%
2009 De 0 à 30°(en 24h) Juste un bol d'air
0%
2011 Folie Artistik J'vais te faire une bosse
0%
2011 Keep your eyes on this Keep your eyes on this
0%
2005 Au-delà de mes limites La hass (Version 2)
0%
1999 Le syndikat La loi du plus fort
0%
2000 Ghett' out vol.1 La rage de vaincre
0%
2007 Au-delà de mes limites Classics La résurrection (Banlieue South Remix)
0%
1997 Nord vs. Sud La vie est une chienne
0%
2006 Ghetto drame vol.1 Le MC qui valait trois mollards
0%
2004 10 ans d'avance (de 1994 à 2004) Les mecs paros
0%
2005 Rap performance L'intelligence du gun
0%
1996 Guet-Apens L'ultime combat
0%
2007 Le Cauchemar du rap français : chapitre 1 N°1
0%
2021 Grand monsieur Ne me juge pas
0%
2006 Toucher l'horizon Number 1
0%
2011 Evolution Number One
0%
2007 Rêves de rue On sait qui
0%
2008 Mesrine (BO) Pas de héros
0%
2005 Au-delà de mes limites Personne
0%
2021 Grand monsieur Poésie du uzi
0%
2004 1260 jours Pourquoi tu parles de moi
0%
2005 Au-delà de mes limites Premier sur l'ghetto
0%
2005 Double face 6 Pump it up
0%
2000 La dernière chance Que des cadeaux
0%
2009 Cas de guerre Quoi qu'ils disent
0%
2024 Fitna Reste concentré
0%
2007 L’ancêtre Roh2frères
0%
2010 Street Lourd Hall Stars II Salamoualikoum
0%
2005 Rap performance Sans entrainement
0%
2005 Rap performance T'1kiet
0%
2008 Le code de l'horreur Version Gold T'es refait
0%
2005 The Basement Top Of The World
0%
2004 Hommage… Tous mortels
0%
2018 Surnaturel Toutes les douleurs
0%
2007 Jusqu'à la mort (réédition) Tout est possible
0%
2004 Talents fâchés vol.2 Tu fais pas le poids
0%
2004 10 ans d'avance (de 1994 à 2004) Tu peux pas test
0%
2004 10 ans d'avance (de 1994 à 2004) Un tueur est né
0%
2004 Banlieue 13 (BO) Warriorz
0%
2021 Grand monsieur WessWess
0%
2003 Taxi 3 (BO) Where's yours at ?
0%
2021 Thug Life Yowa
0%
Aucun quiz correspondant
Distribution des résultats
% des personnes avec chaque résultat
Percentile par nombre de réponses
Votre historique - résultats
Vous n’avez pas pris ce quiz depuis la dernière actualisation